[Event "EYCC Open U16 2018"]
[Site "Riga"]
[Date "2018.08.29"]
[Round "9"]
[White "Pacan Milej, Kosma"]
[Black "Salemgareev, Tagir"]
[Result "0-1"]
[WhiteElo "2354"]
[BlackElo "2375"]
[Annotator "TA"]
[PlyCount "94"]
[EventDate "2018.08.20"]
[EventType "swiss"]
[EventCountry "LAT"]
[SourceTitle "playchess.com"]
[Source "ChessBase"]
[SourceQuality "1"]

{[%evp 19,94,37,39,27,35,0,4,-1,25,15,35,-20,-20,-16,-17,-13,-14,-26,-18,-83,-64,-70,-59,-92,-95,-87,-79,-78,-60,-59,-68,-103,-109,-132,-131,-137,-136,-137,-136,-140,-138,-135,-133,-125,-122,-142,-100,-173,-141,-168,-129,-250,-119,-139,-139,-172,-172,-193,-163,-150,-152,-212,-212,-285,-283,-251,-254,-420,-397,-419,-418,-409,-404,-454,-435,-445,-431]} 1. e4 c5 2. Nf3 d6 3. d4 cxd4 4. Qxd4 a6 5. c4 Nc6 6. Qe3 Nf6 {B53: Sizilianisch (Ungarische Variante)} (6... Bg4 7. Nd4 g6 8. Nc3 Bg7 9. Nxc6 bxc6 10. h3 Be6 11. Be2 Nf6 12. O-O O-O 13. f4 Qa5 14. Bd2 {1-0 (50) Karjakin,S (2763)-Nepomniachtchi,I (2751) Moscow 2018}) 7. h3 g6 8. Be2 Bg7 9. O-O O-O 10. Nc3 Nd7 {LiveBook: 87 Partien} 11. b3 Nde5 12. Bb2 Nxf3+ $146 ({Vorgänger:} 12... f5 13. exf5 Bxf5 {1-0 (31) Alekseev,E (2642)-Evdokimov,A (2490) Khanty-Mansiysk 2015}) 13. Bxf3 Be6 14. Rab1 Qa5 15. b4 ({Besser ist} 15. Nd5 $14) 15... Nxb4 16. Nd5 Nc6 17. Bxg7 Kxg7 18. Rxb7 Rab8 19. Rfb1 (19. Qb3 $11 {bleibt in der Remisbreite.}) 19... Rxb7 $17 20. Rxb7 Qxa2 21. Nxe7 Qa1+ 22. Kh2 Nxe7 23. Rxe7 Bxc4 24. Qb6 Qf6 25. Rc7 Bb5 26. Qb7 {[#]} d5 $1 {[%mdl 512]} 27. exd5 (27. Qxd5 Qf4+) 27... Re8 28. d6 Qxd6+ 29. g3 {[#]} Qf6 $1 30. Kg2 Re1 {Und weiter mit ...Df5 wäre nett.} 31. Qd5 Re7 32. Rc1 Rd7 33. Qa8 (33. Qc5 $17 {kämpft weiter.}) 33... Rd8 34. Qb7 Rd2 {Und ...Db2 würde nun gewinnen.} 35. Rc7 (35. Qa7 $17) 35... Qf5 (35... h6 $19 {und Schwarz behält klar die Oberhand.} 36. g4 g5) 36. Re7 Rd7 $40 {[%mdl 128] Schwarz geht auf den König.} 37. Rxd7 Qxd7 (37... Bxd7 $2 {zu gefräßig.} 38. Bg4 $18) 38. Qe4 Qe6 39. Qd4+ Qf6 40. Qa7 (40. Qc5 $17) 40... Qe5 $19 41. Kh2 Bc4 42. Qd7 a5 {[%cal Ba6a5,Ba5a4][%mdl 32]} 43. Bc6 $2 (43. Qa4 Qc3 44. Kg2) 43... Qc5 44. Kg1 Be6 45. Qb7 Qb4 46. Qc7 Qc3 47. Qb7 a4 {Precision: Weiß = 28%, Schwarz = 63%.} 0-1

[Event "EYCC Open U16 2018"]
[Site "Riga"]
[Date "2018.08.29"]
[Round "9"]
[White "Travadon, Loic"]
[Black "Blohberger, Felix"]
[Result "0-1"]
[WhiteElo "2334"]
[BlackElo "2427"]
[Annotator "TA"]
[PlyCount "112"]
[EventDate "2018.08.20"]
[EventType "swiss"]
[EventCountry "LAT"]
[SourceTitle "playchess.com"]
[Source "ChessBase"]
[SourceQuality "1"]

{[%evp 18,112,6,0,0,-8,12,5,15,12,21,27,27,17,28,32,39,38,39,50,34,43,51,0,0,4,6,0,5,17,20,3,2,-22,-22,-19,-29,-15,-27,-77,-75,-139,-96,-105,-95,-103,-101,-96,0,-12,63,44,77,79,69,-99,-95,-114,-95,-104,-100,-119,-127,-166,-135,-121,-132,-129,-126,-208,-188,-212,-207,-206,-193,-354,-352,-383,-381,-698,-696,-683,-683,-629,-630,-1209,-863,-1262,-1242,-1849,-1632,-29967,-29968,-29964,-29964,-7240,-5657]} 1. d4 Nf6 2. Nf3 e6 3. Bf4 d5 4. e3 Bd6 5. Bg3 O-O 6. Nbd2 b6 7. c3 {D02: Damenbauernspiele} c5 (7... Bb7 8. Bd3 Ne4 9. Bxd6 cxd6 10. c4 f5 11. cxd5 Bxd5 12. Bc4 Bxc4 13. Nxc4 Nd7 {½-½ (13) Nyzhnyk,I (2598)-Swiercz,D (2657) Las Vegas 2018}) 8. Bd3 Ba6 9. Bxa6 Nxa6 10. Qe2 {LiveBook: 10 Partien} Nb8 11. e4 {[#] e5 ist eine echte Drohung.} Be7 12. exd5 $146 ({Vorgänger:} 12. O-O Nc6 13. exd5 Qxd5 14. dxc5 Qxc5 {½-½ (25) Rosso,P-Schindler,S LSS email 2007}) 12... exd5 13. O-O Nc6 14. Ne5 Rc8 15. Rfe1 {Und weiter mit Sxc6 wäre nett.} Re8 16. Qb5 Nb8 17. Ndf3 c4 18. Qa4 a6 19. Ng5 Rf8 20. f3 Nh5 21. Nh3 b5 22. Qc2 Nc6 23. Bf2 g6 24. Re2 Bd6 25. f4 Qc7 26. Bh4 f6 $36 {[%mdl 2048] Schwarz steht aktiver.} 27. Nxc6 Qxc6 28. Re6 Rce8 29. Qe2 ({Lieber} 29. Rxe8 Rxe8 30. g3) 29... Ng7 30. Rxe8 Rxe8 31. Qf3 Kf7 32. g4 {[#]} Re4 (32... f5 $1 $17 33. Nf2 Bc7) 33. Bg3 Bf8 (33... Kg8 $11) 34. Rf1 h6 {[%cal Bh7h6,Bh6h5][%mdl 32]} 35. Nf2 Re8 36. g5 $2 (36. f5 $14 {bleibt weiter vorne.}) 36... h5 ({Und nicht} 36... hxg5 37. fxg5 Nf5 38. Ng4 $16) 37. gxf6 Nf5 38. Nh3 Kxf6 39. Bf2 Bh6 40. Qg2 Kf7 41. Re1 Rxe1+ 42. Bxe1 Qe6 43. Bf2 (43. Bd2 $17) 43... a5 44. Ng5+ Bxg5 $1 45. fxg5 b4 46. Qf3 $2 (46. Kf1 {war nötig.}) 46... Qe4 $19 47. Qxe4 dxe4 {[%mdl 4096] Endspiel KL-KS} 48. Kf1 $2 (48. cxb4 axb4 49. Be1) 48... bxc3 49. bxc3 Ne7 50. Ke2 Nd5 51. Kd2 Ke6 52. Be3 Kf5 53. h3 a4 54. a3 h4 55. Bf2 Kxg5 56. Be1 Kh5 {Precision: Weiß = 32%, Schwarz = 77%.} 0-1

[Event "EYCC Open U16 2018"]
[Site "Riga"]
[Date "2018.08.29"]
[Round "9"]
[White "Yeritsyan, Aram"]
[Black "Shubin, Kirill"]
[Result "1/2-1/2"]
[WhiteElo "2330"]
[BlackElo "2374"]
[Annotator "TA"]
[PlyCount "39"]
[EventDate "2018.08.20"]
[EventType "swiss"]
[EventCountry "LAT"]
[SourceTitle "playchess.com"]
[Source "ChessBase"]
[SourceQuality "1"]

{[%evp 25,39,50,52,43,34,0,0,0,0,0,0,0,0,0,0,-126]} 1. e4 c5 2. Nf3 a6 3. c4 e6 4. d4 cxd4 5. Nxd4 b6 6. Nc3 d6 7. Be2 Bb7 8. Be3 Nf6 9. f3 Be7 10. Qd2 O-O 11. O-O Qc7 12. Rfc1 {B41: Sicilian: Kan Variation: 5 c4} Rc8 (12... Nbd7 13. b4 Rac8 14. Nb3 Qb8 15. Bf1 Rfe8 16. Qf2 Bd8 17. Na4 Ba8 18. c5 b5 19. Nc3 Bc7 20. g3 dxc5 21. Nxc5 Nxc5 22. bxc5 {1-0 (45) Nepomniachtchi,I (2729)-Ponkratov,P (2613) Riadh 2017}) 13. a4 Qd8 {[#] LiveBook: 13 Games} 14. b4 $146 {White is slightly better.} ({Predecessor:} 14. Rab1 Nfd7 15. b3 h6 16. Bf1 Ne5 17. Rd1 Qe8 18. Rbc1 Nbd7 19. Bd3 Nxd3 20. Qxd3 {1-0 (45) Kokarev,D (2615)-Ibrahimov,R (2518) Riadh 2017}) 14... Nbd7 {[%cal Bb8d7,Bd7f6,Bf6d5][%mdl 32]} 15. Nb3 d5 $1 {[%cal Rd5c4] The position is equal.} 16. cxd5 exd5 17. Nxd5 Nxd5 18. exd5 Nf6 19. a5 Nxd5 20. axb6 (20. Bxb6 $11 Nxb6 21. Qxd8+ Bxd8 22. Nc5 Rxc5 23. bxc5) 1/2-1/2

[Event "EYCC Open U16 2018"]
[Site "Riga"]
[Date "2018.08.29"]
[Round "9"]
[White "Petriashvili, Nikoloz"]
[Black "Loiacono, Antonio"]
[Result "1/2-1/2"]
[WhiteElo "2323"]
[BlackElo "2297"]
[Annotator "TA"]
[PlyCount "96"]
[EventDate "2018.08.20"]
[EventType "swiss"]
[EventCountry "LAT"]
[SourceTitle "playchess.com"]
[Source "ChessBase"]
[SourceQuality "1"]

{[%evp 19,96,12,27,19,33,18,27,4,36,36,42,9,14,0,0,0,0,-34,-28,-15,-12,-50,-43,-73,0,0,18,14,12,-43,-43,-39,-46,-46,-40,-33,0,0,0,0,0,0,0,0,0,0,0,0,0,0,0,0,0,0,0,0,0,0,0,0,0,0,0,0,0,0,0,0,0,0,0,0,0,0,0,0,0,0,0]} 1. Nf3 Nf6 2. g3 g6 3. Bg2 Bg7 4. O-O O-O 5. d4 b6 6. b3 Bb7 7. Bb2 c5 8. e3 d6 9. c4 Nbd7 10. Nc3 Ne4 {LiveBook: 20 Games} 11. Ne2 {A30: Symmetrical English: Double Fianchetto and Hedgehog} (11. Rc1 Nxc3 12. Bxc3 Be4 13. Qe2 a6 14. Rfd1 Qb8 15. Bh3 Bxf3 16. Qxf3 Rd8 17. Bg2 Ra7 18. h4 b5 {½-½ (39) Karjakin,S (2763)-Dubov,D (2701) Moscow 2018}) 11... Qc7 12. Rc1 $146 ({Predecessor:} 12. Qc2 e6 13. Rac1 a6 14. Nf4 Ndf6 15. h4 h6 16. d5 exd5 17. cxd5 Qe7 18. Rcd1 Rfe8 19. Nd2 {½-½ (19) Gaitan,J (2349)-Bertorello,J (2329) Villa Martelli 2016}) 12... Rad8 13. Ne1 {White has an edge.} Nef6 14. d5 e6 15. dxe6 fxe6 16. Bxb7 Qxb7 17. Qxd6 Rfe8 $1 {[#] ...Ne4 is the strong threat.} 18. Qd1 Ne5 $1 19. Qc2 Ne4 $1 {[%cal Re4g5]} 20. Bxe5 Rd2 21. Qb1 {[#] Strongly threatening Bxg7.} Rxe2 ({Black should play} 21... Bxe5 $17 22. f3 Rxe2 23. Qxe4 Qxe4 24. fxe4 Rxe3) 22. Bxg7 $1 $11 Ng5 {[%cal Rg5h3]} 23. e4 Kxg7 24. Qd3 ({White should try} 24. h4 $11 Nxe4 25. Rc2 Rxc2 26. Qxc2) 24... Qxe4 $15 25. Qxe4 Nxe4 26. Rc2 Rxc2 27. Nxc2 {[%mdl 4096] Endgame KRN-KRN} Rd8 28. Re1 {The position is equal.} Ng5 {White must now prevent ...Nf3+.} 29. Re2 Kf6 30. Kg2 h5 31. Ne1 Rd1 32. f4 Nf7 33. Nf3 Rd6 34. Kf2 Rd3 35. h3 Rd1 36. Re3 Ra1 37. Re2 Rd1 38. Kg2 Rd3 39. Kf2 Rd1 40. Nd2 Nd6 41. Nf3 {White wants to play Ng5.} Nf7 42. g4 hxg4 43. hxg4 g5 44. fxg5+ Nxg5 45. Ke3 Nxf3 46. Kxf3 Rd3+ 47. Kf4 Rd4+ 48. Kg3 Kg5 {Precision: White = 64%, Black = 80%.} 1/2-1/2

[Event "EYCC Open U16 2018"]
[Site "Riga"]
[Date "2018.08.29"]
[Round "9"]
[White "Remizov, Yaroslav"]
[Black "Zarubitski, Viachaslau"]
[Result "1/2-1/2"]
[WhiteElo "2317"]
[BlackElo "2416"]
[Annotator "TA"]
[PlyCount "33"]
[EventDate "2018.08.20"]
[EventType "swiss"]
[EventCountry "LAT"]
[SourceTitle "playchess.com"]
[Source "ChessBase"]
[SourceQuality "1"]

{[%evp 16,18,37,6,57]} 1. e4 e5 2. Nf3 Nf6 3. Nxe5 d6 4. Nf3 Nxe4 5. d4 d5 6. Bd3 Bd6 7. O-O O-O 8. c4 c6 9. Qb3 {LiveBook: 4 Partien. C42: Russische Verteidigung (Petrow)} (9. Nc3 Nxc3 10. bxc3 dxc4 11. Bxc4 Bf5 12. Ng5 h6 13. Qf3 Bg6 14. Ne4 Bxh2+ 15. Kxh2 Qh4+ 16. Qh3 Qxh3+ 17. gxh3 Bxe4 18. Rg1 Re8 19. Bxh6 g6 {½-½ (40) Vachier Lagrave,M (2789)-Caruana,F (2822) Stavanger 2018}) 9... Bg4 ({Günstiger ist} 9... dxc4 $11 10. Bxc4 Nd7) {Vorgänger:} 10. Nbd2 $146 Nxd2 11. Nxd2 Qb6 12. c5 Qxb3 13. axb3 Bf4 14. b4 Na6 15. Bxa6 bxa6 16. Nf3 Bxc1 17. Rfxc1 {1-0 (69) Short,N (2649)-Harikrishna,P (2668) Kemer 2007} 1/2-1/2

[Event "EYCC Open U16 2018"]
[Site "Riga"]
[Date "2018.08.29"]
[Round "9"]
[White "Barseghyan, Armen Ar"]
[Black "Baenziger, Fabian"]
[Result "1-0"]
[WhiteElo "2251"]
[BlackElo "2373"]
[Annotator "TA"]
[PlyCount "107"]
[EventDate "2018.08.20"]
[EventType "swiss"]
[EventCountry "LAT"]
[SourceTitle "playchess.com"]
[Source "ChessBase"]
[SourceQuality "1"]

{[%evp 12,107,67,23,68,69,95,79,73,87,91,76,70,68,65,75,63,68,72,70,75,80,103,101,106,6,14,8,7,7,19,6,20,4,47,50,51,57,49,44,66,45,45,45,44,44,57,45,48,37,51,51,82,91,354,366,330,322,348,347,385,341,506,273,305,273,289,310,378,0,255,0,373,388,469,445,551,552,505,534,522,481,764,753,29977,29978,29978,29979,29979,29980,29980,29981,29981,29982,29982,29983,29980,29980]} 1. d4 Nf6 2. Nf3 g6 3. g3 Bg7 4. Bg2 O-O 5. O-O c5 6. dxc5 {A49: 1 d4 Nf6 2 Nf3 g6 3 g3: Anti-King's Indian systems} (6. c4 cxd4 7. Nxd4 d5 8. Na3 Nc6 9. cxd5 Nxd5 10. Nxc6 bxc6 11. Nc4 Ba6 12. Nd2 Rb8 13. Nb3 Nb4 14. Bd2 Bc4 15. Re1 Bxb2 {1-0 (33) Iturrizaga Bonelli,E (2665)-McShane,L (2640) London 2017}) 6... Qa5 7. Be3 {LiveBook: 3 Games} Nc6 8. h3 {White is slightly better.} Qb5 $146 ({Predecessor:} 8... Rd8 9. Nc3 d6 10. cxd6 Rxd6 11. Qc1 Be6 12. Bh6 Bh8 13. Bf4 Rdd8 {1-0 (24) Karagiannis,A (2357)-Nikoleris,S (2072) Nikea 2008}) 9. Qc1 Ne4 10. c3 d5 11. cxd6 Nxd6 12. Nd4 Nxd4 13. Bxd4 Qxe2 14. Bxg7 Kxg7 15. Re1 Qh5 16. g4 ({Reject} 16. Rxe7 Bxh3 17. Bxh3 Qxh3 $11) 16... Qh4 {[#]} 17. Nd2 $1 Qg5 18. Ne4 ({Better is} 18. c4 $16) 18... Nxe4 19. Rxe4 Qxc1+ 20. Rxc1 Be6 21. Ra4 Rfd8 22. c4 Bd7 23. Ra5 Bc6 24. Bxc6 bxc6 $14 {[%mdl 4096] Endgame KRR-KRR} 25. Rc2 a6 26. Re2 Kf8 27. b3 Ke8 28. Kg2 Rd4 29. g5 Kd7 30. Re3 f6 31. Kg3 h5 32. gxh6 e5 $2 {[%mdl 8192]} (32... g5 $16) 33. h7 $18 Kd6 {[#] Now ...Rh8 and Black clings on.} 34. Rxa6 $1 {[%mdl 512]} Rh8 (34... Rxa6 35. h8=Q) 35. Ra7 f5 {White must now prevent ...f4+.} 36. Re1 e4 (36... g5 $142 37. Rg7 Rd3+ 38. Kg2 e4 39. Rxg5 Ke5) 37. Rg7 Ke5 38. Re7+ Kf6 39. Rc7 Ke5 40. Re7+ Kf6 41. Rc7 (41. Rb7 $142) 41... Ke5 $1 42. f4+ Kd6 43. Rg7 Kc5 44. Kh4 Rd3 45. Kg5 Rg3+ 46. Kf6 Rf8+ (46... Rxh3 $142 47. Kxg6 Rg3+ 48. Kf6 Rh3 49. Kxf5 R3xh7) 47. Rf7 Rxf7+ 48. Kxf7 {White mates.} Rxh3 {KR-KR} 49. Kg7 Kd4 50. h8=Q Rxh8 51. Kxh8 e3 52. Kh7 Ke4 53. Kxg6 Kxf4 {[#]} 54. Rxe3 $3 {Precision: White = 71%, Black = 41%.} 1-0